Estadísticas para Top 10 Estados de EE. UU. más Pequeños por Área

Haz click aquí para tomar la prueba!

Estadísticas generales

  • Esta prueba ha sido tomada 1.454 veces
  • La puntuación promedio es 7 de 10

Estadísticas de respuestas

mi2Estado% Correcto
1,034Rhode Island
90%
9,217Vermont
82%
1,949Delaware
78%
4,842Connecticut
77%
7,354Nueva Jersey
75%
6,423Hawái
73%
9,707Maryland
73%
7,800Massachusetts
69%
8,953Nuevo Hampshire
68%
24,038Virginia Occidental
48%

Distribución de puntuación

Porcentaje por número respondido

Porcentaje de gente con cada puntuación

Historial de tus puntuaciones

No has tomado esta prueba